<?xml version="1.0" encoding="UTF-8"?>
<collection xmlns="http://www.loc.gov/MARC21/slim">
 <record>
  <leader>01870nam a2200445   4500</leader>
  <controlfield tag="001">DLU180183507</controlfield>
  <controlfield tag="005">##20180129</controlfield>
  <datafield tag="020" ind1="#" ind2="#">
   <subfield code="a">9786049448935</subfield>
  </datafield>
  <datafield tag="040" ind1="#" ind2="#">
   <subfield code="a">DLU</subfield>
   <subfield code="b">vie</subfield>
  </datafield>
  <datafield tag="041" ind1="#" ind2="#">
   <subfield code="a">vie</subfield>
  </datafield>
  <datafield tag="044" ind1="#" ind2="#">
   <subfield code="a">vn</subfield>
  </datafield>
  <datafield tag="082" ind1="#" ind2="#">
   <subfield code="a">382.095 970 51</subfield>
   <subfield code="b">VIE</subfield>
  </datafield>
  <datafield tag="110" ind1="#" ind2="#">
   <subfield code="a">Viện kinh tế Việt Nam.</subfield>
  </datafield>
  <datafield tag="245" ind1="#" ind2="#">
   <subfield code="a">Quan hệ thương mại và đầu tư của Việt Nam với Trung Quốc :</subfield>
   <subfield code="b">Sách chuyên khảo /</subfield>
   <subfield code="c">Viện kinh tế Việt Nam; Trần Đình Thiên chủ biên, ... [et al.].</subfield>
  </datafield>
  <datafield tag="260" ind1="#" ind2="#">
   <subfield code="a">H. :</subfield>
   <subfield code="b">Khoa học Xã hội,</subfield>
   <subfield code="c">2016.</subfield>
  </datafield>
  <datafield tag="300" ind1="#" ind2="#">
   <subfield code="a">371 tr. ;</subfield>
   <subfield code="c">24 cm.</subfield>
  </datafield>
  <datafield tag="504" ind1="#" ind2="#">
   <subfield code="a">Tài liệu tham  khảo: tr. 363-371.</subfield>
  </datafield>
  <datafield tag="505" ind1="#" ind2="#">
   <subfield code="a">Phần thứ nhất. Những vấn đề về chiến lược và chính sách kinh tế đối ngoại của Việt Nam và Trung Quốc -- Phần thứ hai. Quan hệ thương mại Việt Nam - Trung Quốc và thu hút đầu tư trực tiếp từ Trung Quốc vào Việt Nam trong thời gian vừa qua -- Phần thứ ba. Một số vấn đề về quản lý quan hệ kinh tế đối ngoại của Việt Nam với Trung Quốc.</subfield>
  </datafield>
  <datafield tag="651" ind1="#" ind2="#">
   <subfield code="a">Trung Quốc</subfield>
   <subfield code="x">Quan hệ kinh tế nước ngoài</subfield>
   <subfield code="z">Việt Nam.</subfield>
  </datafield>
  <datafield tag="651" ind1="#" ind2="#">
   <subfield code="a">Việt Nam</subfield>
   <subfield code="x">Quan hệ kinh tế nước ngoài</subfield>
   <subfield code="z">Trung Quốc.</subfield>
  </datafield>
  <datafield tag="700" ind1="#" ind2="#">
   <subfield code="a">Đoàn Thị Thu Hương,</subfield>
   <subfield code="c">ThS.</subfield>
  </datafield>
  <datafield tag="700" ind1="#" ind2="#">
   <subfield code="a">Nguyễn Chiến Thắng,</subfield>
   <subfield code="c">TS.</subfield>
  </datafield>
  <datafield tag="700" ind1="#" ind2="#">
   <subfield code="a">Phạm Bích Ngọc,</subfield>
   <subfield code="c">TS.</subfield>
  </datafield>
  <datafield tag="700" ind1="#" ind2="#">
   <subfield code="a">Phạm Quang Diệu,</subfield>
   <subfield code="c">ThS.</subfield>
  </datafield>
  <datafield tag="700" ind1="#" ind2="#">
   <subfield code="a">Phạm Sỹ An,</subfield>
   <subfield code="c">ThS.</subfield>
  </datafield>
  <datafield tag="700" ind1="#" ind2="#">
   <subfield code="a">Trần Đình Thiên,</subfield>
   <subfield code="c">TS.</subfield>
   <subfield code="e">chủ biên.</subfield>
  </datafield>
  <datafield tag="700" ind1="#" ind2="#">
   <subfield code="a">Trần Huy Tôn,</subfield>
   <subfield code="c">ThS.</subfield>
  </datafield>
  <datafield tag="700" ind1="#" ind2="#">
   <subfield code="a">Trần Văn Thọ,</subfield>
   <subfield code="c">GS.TS.</subfield>
  </datafield>
  <datafield tag="700" ind1="#" ind2="#">
   <subfield code="a">Vũ Hoàng Linh,</subfield>
   <subfield code="c">TS.</subfield>
  </datafield>
  <datafield tag="923" ind1="#" ind2="#">
   <subfield code="a">01/2017</subfield>
  </datafield>
  <datafield tag="991" ind1="#" ind2="#">
   <subfield code="a">SH</subfield>
  </datafield>
  <datafield tag="992" ind1="#" ind2="#">
   <subfield code="a">19000</subfield>
  </datafield>
  <datafield tag="994" ind1="#" ind2="#">
   <subfield code="a">DLU</subfield>
  </datafield>
  <datafield tag="900" ind1="#" ind2="#">
   <subfield code="a">True</subfield>
  </datafield>
  <datafield tag="911" ind1="#" ind2="#">
   <subfield code="a">Nguyễn Thanh Hương</subfield>
  </datafield>
  <datafield tag="925" ind1="#" ind2="#">
   <subfield code="a">G</subfield>
  </datafield>
  <datafield tag="926" ind1="#" ind2="#">
   <subfield code="a">A</subfield>
  </datafield>
  <datafield tag="927" ind1="#" ind2="#">
   <subfield code="a">SH</subfield>
  </datafield>
  <datafield tag="980" ind1="#" ind2="#">
   <subfield code="a">Thư viện Trường Đại học Đà Lạt</subfield>
  </datafield>
 </record>
</collection>
